• 首页
  • 本馆介绍
  • 公告通知
  • 最新文献
  • 馆藏检索
  • 电子资源
  • 读者导购
  • 参考咨询
  • 我的图书馆
  • 登录
  • 详细信息显示
  • 放入我的书架
  • 预约/预借图书
  • 作者相关作品
  • 分类相关作品
  • 丛书相关作品
  • 出版社相关作品

书目信息

  • 表格格式
  • 工作单格式
  • 卡片格式
题名:
遗传学
    
 
作者: 刘祖洞 , 江绍慧 同编
分册: 下  
出版信息: 北京   人民教育出版社  1979
页数: 319页
开本: 19cm
丛书名:
单 册:
中图分类: Q311
科图分类:
主题词: 遗传学--高等学校--教材
电子资源:
ISBN:
000 00638nam0 2200241 45
001 0179002568
005 20060728085536.71
010    @dCNY0.75
091    @a14012.033
100    @a19950727d1979 em y0chiy0121 ea
101 0  @achi
102    @aCN@b110000
105    @ay z 000yy
200 10 @a遗传学@Ayi chuan xue@h下@f刘祖洞,江绍慧编
210    @a北京@c人民教育出版社@d1979
215    @a319页@d19cm
300    @a高等学校试用教材
606    @a遗传学@x高等学校@x教材
690    @aQ311
701  0 @a刘祖洞@Aliu zu dong@4同编
701  0 @a江绍慧@Ajiang shao hui@4同编
801  0 @aCN@bNLC@c20060728
905    @f1@b22382@dQ311@e6:2
    
    遗传学.下/刘祖洞,江绍慧编.-北京:人民教育出版社,1979
    319页;19cm
    高等学校试用教材
    
    ISBN :CNY0.75
    
●
相关链接 在E读中查询图书 在五车中查询图书 在当当中查询图书 在豆瓣中查询图书


正题名:遗传学     索取号:Q311/6:2         预约/预借

序号 登录号 条形码 馆藏地/架位号 状态 备注
1 0022382   000624211   第三借阅区/ [索取号:Q311/6:2] 在馆    
2 0438930   204389303   密集书库/ [索取号:Q311/6:2] 在馆    
3 0438931   204389312   第二样本阅览室/ [索取号:Q311/6:2] 在馆    
唐山师范学院图书馆 欢迎您!
大连网信软件有限公司© 版权所有